000 01000nam a2200241Ia 4500
003 OSt
005 20220923224029.0
006 a|||||r|||| 00| 0
007 ta
008 220922b |||||||| |||| 00| 0 hin d
024 _a224,231
037 _cTextual
040 _aARTS
_cARTS
_bhin
041 _2hin
_ahin
082 _aO152:gN51, P0-;1
100 _aअवस्थी, रेखा
245 0 _aप्रगतिवादी और समानांतर साहित्य
_b सन् '36 से सन्' 51 तक के साहित्य का द्वंद्वात्मक विश्लेषण
246 _aPragativādī aur samānāantar sāhitya: san '36 se san' 51 tak ke sāhitya kā dvandvātmak vishleṣhaṇa
260 _aदिल्ली
_b स्वराज प्रकाशन
_c2000
300 _a362पृ.
_ccm.
942 _hO152:gN51, P0-;1
_cTEXL
_2CC
999 _c368758
_d368758